Imię męskie kończące się literą „-ej” - Statystyki

Ogólne statystyki
  • Ten quiz został rozwiązany 275 razy
  • Średni wynik to 3 z 5
Statystyki odpowiedzi
Odpowiedź % Poprawnych
Maciej
71%
Andrzej
69%
Jędrzej
46%
Błażej
45%
Bartłomiej
37%
Nie znaleziono quizów pasujących do podanych kryteriów
Rozkład punktacji
Procent ludzi z każdym wynikiem
Percentyl według liczby udzielonych odpowiedzi
Twoja historia wyników
Nie rozwiązałeś tego quizu